000 00445nam a2200157Ia 4500
008 210716s1992 xx 000 0 und d
020 _a876925018
041 _aeng
082 _a621.3822 RABL
100 _aRabiner, Lawrence R; Gold, Bernard.
245 _aTheory and application of digital signal processing.
250 _a1
260 _aNew Delhi
_bPrentice Hall of India PVt Ltd
_c1992
300 _axii,762
650 _aDigital Systems
999 _c182859
_d182859